| 000 | 01003nam a2200289 i 4500 | ||
|---|---|---|---|
| 001 | bg | ||
| 003 | BPK | ||
| 005 | 20220726101544.0 | ||
| 008 | 980306s1997 pl e |000 0 pol | ||
| 015 | _aPB 1998/2231 | ||
| 020 | _a8322710003 | ||
| 040 |
_aWA N _cBPK |
||
| 041 | 0 |
_apol _beng |
|
| 080 | _a352/353 | ||
| 080 | _a(03) | ||
| 245 | 0 | 0 |
_aSłownik samorządu terytorialnego / _cpod red. Marka Chmaja ; aut. haseł Artur Bielec [et al.]. |
| 260 |
_aLublin : _bWydaw. Uniwersytetu Marii Curie-Skłodowskiej, _c1997 _e(Lub. : _f"Petit"). |
||
| 300 |
_a258, [1] s. ; _c24 cm. |
||
| 546 | _aStreszcz. ang. | ||
| 655 | 4 | _aEncyklopedia | |
| 650 | 4 | _aSamorząd terytorialny | |
| 710 | 2 |
_aUniwersytet Marii Curie-Skłodowskiej (Lublin). _bWydawnictwo. _4pbl. |
|
| 700 | 1 |
_aChmaj, Marek _d(1969- ) _eRedakcja |
|
| 700 | 1 |
_aBielec, Artur _eAutor |
|
| 856 |
_uhttp://koha.tu.koszalin.pl/cgi-bin/koha/opac-detail.pl?biblionumber=33592 _yKatalog online BPK |
||
| 942 |
_2UKD _cKS |
||
| 999 |
_c33592 _d33592 |
||